| 000 | 00771nam a22001817a 4500 | ||
|---|---|---|---|
| 999 |
_c14892 _d14892 |
||
| 003 | OSt | ||
| 082 | _2631.75807 POO/CO | ||
| 088 | _aT372 | ||
| 100 |
_aPOOJA B G _93967 |
||
| 245 | _aComparative Evaluation of Naturally Ventilated Polyhouse and Rainshelter on the Performance of Tomato | ||
| 260 |
_aTavanur 2017 _bDepartment of Land & Water Resources and Conservation Engineering |
||
| 300 | _a92 | ||
| 500 | _aComparative Evaluation of Naturally Ventilated Polyhouse and Rainshelter on the Performance of Tomato | ||
| 520 | _aComparative Evaluation of Naturally Ventilated Polyhouse and Rainshelter on the Performance of Tomato | ||
| 700 |
_aDr. Abdul Hakkim V.M _93968 |
||
| 856 | _uhttps://drive.google.com/open?id=17byB5M6JLvq3-8v2FLtxuTCwgn7rJFS- | ||
| 942 | _cTH | ||